000 00253nam a2200097Ia 4500
001 797620
005 20250826170811.0
008 250824s9999 xx 000 0 und d
245 0 _aCEMİL MERİÇ İN DÜNYASI
_cMUSTAFA ARMAĞAN
260 _bKETEBE YAYINLARI
999 _c797620
_d797620